000 00663nam a2200241 i 4500
001 C2-0299920
003 PPAK
005 20180728081513.0
008 090927s2009 io |||| ||||| | may d
020 _a9789792647914
040 _aPPAK
_beng
_cPPAK
_erda
082 0 4 _a297.382
_223
090 0 0 _a297.382
_bANN
_dR
100 1 _aAn-Nawawi, Al-Imam,
_eauthor
245 1 0 _aEnsiklopedia dzikir Imam An-Nawawi
264 1 _aJakarta, Indonesia :
_bEmbun Publishing ,
_c2009
300 _a646 pages ;
_c29 cm
336 _2rdacontent
_atext
337 _2rdamedia
_aunmediated
338 _2rdacarrier
_avolume
650 1 0 _aPrayer - Islam
942 _ddc
_cB
999 _c103838
_d103838